Online
Catalog

5 Cannzoni : (Record no. 41689)

MARC details
000 -CABECERA
campo de control de longitud fija 00872nam a2200193 a 4500
001 - NÚMERO DE CONTROL
campo de control 000042200
005 - FECHA Y HORA DE LA ÚLTIMA TRANSACCIÓN
campo de control 20201002040012.0
008 - DATOS DE LONGITUD FIJA--INFORMACIÓN GENERAL
campo de control de longitud fija 131119s1984 sp g 000 0 spa d
040 ## - FUENTE DE LA CATALOGACIÓN
Centro catalogador/agencia de origen DO-SdBNP
Lengua de catalogación spa
Centro/agencia transcriptor BNPHU
100 1# - ENTRADA PRINCIPAL--NOMBRE DE PERSONA
Nombre de persona Selma y Salaverde, Bartolomeo
9 (RLIN) 69213
245 10 - MENCIÓN DE TÍTULO
Título 5 Cannzoni :
Resto del título para instrumentos de viento o de cuerda y bajo continuo /
Mención de responsabilidad, etc. Bartolomeo de Selma y Salaverde ; transcripción por Santiago Kastner.
246 10 - FORMA VARIANTE DE TÍTULO
Título propio/Titulo breve Cinco cannzoni :
Resto del título para instrumentos de viento o de cuerda y bajo continuo
260 ## - PUBLICACIÓN, DISTRIBUCIÓN, ETC.
Lugar de publicación, distribución, etc. Barcelona :
Nombre del editor, distribuidor, etc. Instituto Español de Musicología,
Fecha de publicación, distribución, etc. 1984.
300 ## - DESCRIPCIÓN FÍSICA
Extensión 72 p. :
Otras características físicas partituras ;
Dimensiones 32 cm.
490 1# - MENCIÓN DE SERIE
Mención de serie Música hispana
-- Serie C, música de cámara
Designación de volumen o secuencia 15
700 1# - PUNTO DE ACCESO ADICIONAL--NOMBRE DE PERSONA
Nombre de persona Kastner, Macario Santiago
Fechas asociadas al nombre 1908-1992
9 (RLIN) 69214
710 2# - PUNTO DE ACCESO ADICIONAL--NOMBRE DE ENTIDAD CORPORATIVA
Nombre de entidad corporativa o nombre de jurisdicción como elemento de entrada Instituto Español de Musicología
9 (RLIN) 69215
830 #0 - PUNTO DE ACCESO ADICIONAL DE SERIE-TÍTULO UNIFORME
Título uniforme Música hispana
Nombre de parte o sección de la obra Serie C, música de cámara
Designación de volumen o secuencia 15
9 (RLIN) 69216
Holdings
Estado de retiro Estado de pérdida Restricciones de uso No para préstamo Código de colección Localización permanente Ubicación/localización actual Ubicación en estantería Fecha de adquisición Número de inventario Total de préstamos Signatura topográfica completa Código de barras Fecha visto por última vez Precio válido a partir de Tipo de ítem Koha
      Excluido de préstamo Monografías: Libros y Folletos General General En catalogación 19.11.2013 LF1   42200-10 25.06.2020 25.06.2020 No se presta

Powered by Koha